Szczegóły MARC21

Dni pierwsze szczecińskiego sportu /

003 -Nazwa inst., której nr kontr. jest w polu 001 [,]
    • @
    • Nazwa instytucji, której n kontrolny jest w polu 001
    • NUKAT
005 -DATA I CZAS OSTATNIEJ MODYFIKACJI [,]
    • @
    • pole kontrolne
    • 20241231115411.0
040 -Instytucja sporządzająca opis [ , ]
    • a
    • Instytucja, która sporządziła opis (NP)
    • SZCZ M/ESZ
    • c
    • Instytucja, która sporządziła rekord (NP)
    • SZCZ M/ESZ
    • d
    • Instytucja, która zmodyfikowała rekord (P)
    • WR O/MMts
942 -Rodzaj dokumentu [ , ]
    • c
    • Rodzaj dokumentu
    • Książka
100 -Hasło główne - nazwa osobowa [1, ]
    • a
    • Nazwa osobowa (NP)
    • Grażewicz, Jacek
    • d
    • Daty biograficzne (NP)
    • (1947- ).
    • 9
    • KHW
    • 478433
245 -Strefa tytułu i oznaczenia odpowiedzialności [1,0]
    • a
    • Tytuł
    • Dni pierwsze szczecińskiego sportu / Find
    • c
    • Pozostałe elementy strefy tytułu i oznaczenia odpowiedzialności (NP)
    • Jacek Grażewicz, Henryk Laskiewicz, Eugeniusz Pawłowski.
260 -Strefa adresu wydawniczego [ , ]
    • a
    • Miejsce wydania (P)
    • Szczecin :
    • b
    • Nazwa wydawcy (P)
    • Wojewódzka Federacja Sportu,
    • c
    • Data wydania (P)
    • 1985.
300 -Strefa opisu fizycznego [ , ]
    • a
    • Określenie formy książki i/lub objętość (NP)
    • 128 s. :
    • b
    • Oznaczenie ilustracji (NP)
    • il. ;
    • c
    • Format (NP)
    • 21 cm.
336 -Typ zawartości [ , ]
    • a
    • Termin opisujący typ zawartości
    • Tekst
    • b
    • Kod określający zawartość
    • txt
    • 2
    • Źródło (terminu i kodu)
    • rdacontent
337 -Typ mediów [ , ]
    • a
    • Tryb odtwarzania
    • Bez urządzenia pośredniczącego
    • b
    • Kod typu mediów
    • n
    • 2
    • Źródło (terminu i kodu)
    • rdamedia
338 -Typ/rodzaj nośnika [ , ]
    • a
    • Hasło opisujące typ nośnika
    • Wolumin
    • b
    • Kod typu nośnika
    • nc
    • 2
    • Źródło (terminu i kodu)
    • rdacarrier
080 -Uniwersalna Klasyfikacja Dziesiętna [ , ]
    • a
    • Symbol klasyfikacji
    • 796(438)"19"
080 -Uniwersalna Klasyfikacja Dziesiętna [ , ]
    • a
    • Symbol klasyfikacji
    • :929(438)"19"
650 -Hasło przedmiotowe [ ,7]
    • a
    • Hasło przedmiotowe
    • Sport
    • z
    • Określnik geograficzny
    • Polska
    • z
    • Określnik geograficzny
    • Szczecin
    • y
    • Określnik chronologiczny
    • 1945-1990
    • v
    • Określnik formalny
    • biografie.
    • 2
    • Źródło terminu
    • kaba
    • 9
    • KHW
    • 559223
980 -Symbol UKD [ , ]
    • a
    • UKD
    • 796:929](438)"19"
700 -Hasło dodatkowe - nazwa osobowa [1, ]
    • a
    • Nazwa osobowa (NP)
    • Laskiewicz, Henryk Find
    • d
    • Daty biograficzne (NP)
    • (1929-2013).
    • 9
    • KHW
    • 81444
700 -Hasło dodatkowe - nazwa osobowa [1, ]
    • a
    • Nazwa osobowa (NP)
    • Pawłowski, Eugeniusz Find
    • d
    • Daty biograficzne (NP)
    • (1939- ).
    • 9
    • KHW
    • 478432
Sygnatura Status udost. Numer inwentarzowy Data inwentaryzacji Lokalizacja
 1Z.64186 BG
 -3W.133770 BG
 -3W.133771 BG
 -3W.133772 BG
 -3W.133773 BG
 -3W.133774 BG
 2W.133775 BG
 2W.133776 BG
 2W.133777 BG
 2W.133778 BG
 2W.133779 BG
Sport na Pomorzu Zachodnim 111WF.73852003-02-21BM
 -3WF.2235 BM
 -3WF.2236 BM
 -3WF.2237 BM
 -3WF.2238 BM
 -3WF.2239 BM